000 00545nam a2200217Ia 4500
003 OSt
005 20230421114254.0
008 210423s2010 xx 000 0 und d
020 _a9788173195921
040 _cAL
041 _aeng
082 _a512
_223
_b LUTI
100 _aLUTHAR (I S);PASSI (I B S).
_991503
245 _aAlgebra: field theory.V4.
260 _aNew Delhi
_bNarosa Publishing House
_c2010
300 _avi,296
_bPB
365 _b310
_cINR
440 _v4
906 _aAlgebra: ; field ; theory.V4.
942 _2ddc
_cBK
999 _c160858
_d160858